000
00258nam a22001097a 4500
008
170124b xxu||||| |||| 00| 0 eng d
020
_a
9780781739269
041
_a
eng
080
_2
7TH
_a
618.2
245
_a
CLINICAL DRUG THERAPY
_c
ABRAMS, A.C
942
_2
udc
_c
BK
999
_c
3502
_d
3502